Oscar Best Film winners starting with "THE" (since 1970) - Statistics

General Stats
  • This quiz has been taken 81 times
  • The average score is 9 of 14
Answer Stats
Year Answer % Correct
1972 The Godfather
93%
1991 The Silence of the Lambs
67%
1974 The Godfather II
65%
1973 The Sting
65%
2003 The Lord of the Rings: The Return of the King
64%
2011 The Artist
63%
1978 The Deer Hunter
63%
2006 The Departed
63%
2009 The Hurt Locker
60%
2017 The Shape of Water
56%
1971 The French Connection
54%
2010 The King's Speech
54%
1987 The Last Emperor
53%
1996 The English Patient
51%
No matching quizzes found
Score Distribution
Percent of People with Each Score
Percentile by Number Answered
Your Score History
You have not taken this quiz